Country quiz - Statistics

General Stats
  • This quiz has been taken 13 times
  • The average score is 6 of 12
Answer Stats
Corrections Answer % Correct
No one is smaller than... Vatican city
92%
No one is populated than... India
83%
No one is bigger than... Russia
83%
No one is dangerous than... Russia
83%
No one is stronger than... USA
75%
No one has more islands than... Sweden
58%
No one is safer than... Iceland
50%
No one is richer than... Liechtenstein
42%
No one is dirtier than... Bangladesh
33%
No one is weaker than... Somalia
25%
No one is less popular than... Kiribati
8%
No one is cleaner than... Estonia
0%
No matching quizzes found
Score Distribution
Percent of People with Each Score
Percentile by Number Answered
Your Score History
You have not taken this quiz